Biện pháp quản lý hoạt động giáo dục ngoài giờ lên lớp của Hiệu trưởng trường THPT huyện Bố Trạch tỉnh Quảng Bình
Cơ sở lý luận của quản lý HĐGDNGLL ở trường THPT . Thực trạng về quản lý HĐGDNGLL ở các trường THPT huyện Bố Trạch tỉnh Quảng Bình. Biện pháp quản lý HĐGDNGLL của hiệu trưởng trường THPT huyện Bố Trạch tỉnh Quảng Bình.
Сохранить в:
| Главный автор: | |
|---|---|
| Другие авторы: | |
| Формат: | |
| Язык: | Vietnamese |
| Опубликовано: |
Đà Nẵng
Đại học Đà Nẵng
2010
|
| Предметы: | |
| Метки: |
Добавить метку
Нет меток, Требуется 1-ая метка записи!
|
| Thư viện lưu trữ: | Mạng thư viện Đại học Đà Nẵng |
|---|
| LEADER | 01763nam a2200349 4500 | ||
|---|---|---|---|
| 001 | 000010793 | ||
| 003 | 7012 | ||
| 005 | 20111221091234.0 | ||
| 008 | 111221s2010 viesd | ||
| 041 | |a vie | ||
| 072 | |a Luận văn Thạc sĩ khoa học giáo dục | ||
| 082 | |a 371.207 |b ĐI-H | ||
| 100 | 1 | |a Đinh Văn Hùng | |
| 245 | 1 | |a Biện pháp quản lý hoạt động giáo dục ngoài giờ lên lớp của Hiệu trưởng trường THPT huyện Bố Trạch tỉnh Quảng Bình |c Đinh Văn Hùng | |
| 260 | |a Đà Nẵng |b Đại học Đà Nẵng |c 2010 | ||
| 300 | |a 113 tr. |c 29 cm |e 1 tóm tắt | ||
| 500 | |a Luận văn Thạc sĩ Khoa học giáo dục. Chuyên ngành: Quản lý giáo dục. Mã số: 60.14.05 | ||
| 520 | |a Cơ sở lý luận của quản lý HĐGDNGLL ở trường THPT . Thực trạng về quản lý HĐGDNGLL ở các trường THPT huyện Bố Trạch tỉnh Quảng Bình. Biện pháp quản lý HĐGDNGLL của hiệu trưởng trường THPT huyện Bố Trạch tỉnh Quảng Bình. | ||
| 653 | |a Quản lý giáo dục ngoài giờ | ||
| 653 | |a Luận văn Thạc sĩ Khoa học giáo dục | ||
| 653 | |a Trường THPT huyện Bố Trạch tỉnh Quảng Bình | ||
| 700 | 1 | |a Hà Nhật Thăng |c PGS.TS |e Hướng dẫn | |
| OWN | |a LSP | ||
| AVA | |a UDN50 |b LSP |d 371.207 ĐI-H |e available |t Error 5001 Not defined in file expand_doc_bib_avail. |f 1 |g 0 |h N |i 0 |k 1 | ||
| 999 | |a From the UDN01 | ||
| AVA | |a UDN50 |b LSP |d 371.207 ĐI-H |e available |t Error 5001 Not defined in file expand_doc_bib_avail. |f 1 |g 0 |h N |i 0 |k 1 | ||
| TYP | |a Monograph | ||
| TYP | |a Printed language | ||
| 980 | |a Mạng thư viện Đại học Đà Nẵng | ||